Nemecké ekonomické úspechy a sklamania v 90. rokoch

Ekonomická situácia Nemecka od znovuzjednotenia r. 1990. Finančná politika SRN počas piatich rokov po zlúčení s bývalou NDR a jej tendencie v r. 1996. Otázniky vstupu do Európskej menovej únie. Ukončenie činnosti Treuhandanstaltu. Problémy (západo)nemeckého priemyslu. Nové trendy v bankovníctve. Nem...

Description complète

Enregistré dans:
Détails bibliographiques
Auteur principal: Janoška, J.
Format: Chapitre de livre
Langue:slovaque
Sujets:
Tags: Ajouter un tag
Pas de tags, Soyez le premier à ajouter un tag!

MARC

LEADER 00000naa a2200000 4500
001 r022596
005 20230801104533.2
041 0 |a slo 
044 |a SK 
245 1 0 |a Nemecké ekonomické úspechy a sklamania v 90. rokoch  |c J. Janoška 
520 |a Ekonomická situácia Nemecka od znovuzjednotenia r. 1990. Finančná politika SRN počas piatich rokov po zlúčení s bývalou NDR a jej tendencie v r. 1996. Otázniky vstupu do Európskej menovej únie. Ukončenie činnosti Treuhandanstaltu. Problémy (západo)nemeckého priemyslu. Nové trendy v bankovníctve. Nemecko ako finančné centrum. 
610 2 0 |a Nemecko 
610 2 0 |a 1990-1996 
610 2 0 |a situácia hospodárska 
610 2 0 |a Európska menová únia 
610 2 0 |a východné Nemecko 
610 2 0 |a politika finančná 
610 2 0 |a bankovníctvo 
610 2 0 |a priemysel 
100 1 |a Janoška, J.